Cartilha do povo. (Record no. 53573)

MARC details
000 -LEADER
campo de control de longitud fija 00788nam a22002295i 4500
001 - NÚMERO DE CONTROL
campo de control 53573
003 - IDENTIFICADOR DE NÚMERO DE CONTROL
campo de control ES-MaACL
005 - FECHA Y HORA DE LA ÚLTIMA TRANSACCIÓN
campo de control 20250701062542.0
007 - CAMPO FIJO DE DESCRIPCIÓN FÍSICA--INFORMACIÓN GENERAL
campo de control de longitud fija t|
008 - DATOS DE LONGITUD FIJA--INFORMACIÓN GENERAL
campo de control de longitud fija 960627s1896 po ||||1| por d
040 ## - FUENTE DE CATALOGACIÓN
Centro catalogador/agencia de origen CAM
Lengua de catalogación spa
Centro/agencia transcriptor CAM
100 1# - ENTRADA PRINCIPAL--NOMBRE DE PERSONA
Nombre de persona Falçâo, José.
9 (RLIN) 48686
Término indicativo de función/relación Autor
245 10 - MENCIÓN DEL TÍTULO
Título Cartilha do povo.
Número de parte o sección de la obra Parte I,
Nombre de parte o sección de la obra Para a gente do campo... /
Mención de responsabilidad, etc. José Falçâo.
246 1# - FORMA VARIANTE DEL TITULO
Título propio/Titulo breve Para a gente do campo
250 ## - MENCION DE EDICION
Mención de edición Edicao popular promovida pelos estudantes republicanos de Coimbra.
260 ## - PUBLICACIÓN, DISTRIBUCIÓN, ETC.
Lugar de publicación, distribución, etc. Villa Nova de Famalicao :
Nombre del editor, distribuidor, etc. s.n.,
Fecha de publicación, distribución, etc. 1896
Fabricante (Typ. Minerva)
300 ## - DESCRIPCIÓN FÍSICA
Extensión 48 páginas ;
Dimensiones 15 cm.
650 #4 - PUNTO DE ACCESO ADICIONAL DE MATERIA--TÉRMINO DE MATERIA
Término de materia o nombre geográfico como elemento de entrada Republicanismo-
Subdivisión geográfica Portugal.
9 (RLIN) 153921
852 ## - LOCALIZACIÓN
Ubicación ES-MaACL
Ubicación en estantería Depósito folletos
Donativo/Legado Donativo de Vicente Cabello
Número de control de estantería T-936-F-2
942 ## - ELEMENTOS DE ENTRADA SECUNDARIOS (KOHA)
Fuente del sistema de clasificación o colocación Clasificación decimal universal
Tipo de ítem Koha Folleto
Suprimir en OPAC No
Holdings
Estatus retirado Estado de pérdida Estado de daño No para préstamo Colección Biblioteca de origen Biblioteca actual Ubicación en estantería Fecha de adquisición Fuente de adquisición Total de préstamos Signatura topográfica completa Código de barras Visto por última vez Precio de reemplazo Tipo de ítem Koha
        Colección de folletos Biblioteca del Ateneo de Madrid Biblioteca del Ateneo de Madrid Depósito folletos 17/01/2008     T-936-F-2 1056295 23/02/2023 23/02/2023 Folleto